000 00945nam a22002657a 4500
003 CHAP
005 20220329134726.0
008 971013s1969 r 00010 d
010 _a24884
011 _a25856
035 _a29956
040 _cCHAP
082 _a631.4
_bI52
110 _aInstituto Geográfico Agustín Codazzi. Bogotá. Dirección Agrológica
_959200
245 _aEstudio general de suelos, para fines agrícolas, de lo s municipios de Salazar, Arboledas y Cucutila (Departamento Norte de Santander)
260 _aBogotá :
_bInstituto Geográfico Agustín Codazzi. Bogotá. Dirección Agrológica,
_c1969
300 _aVII 226 p
590 _aBATCH-UPD
_b10
_c20130110
_lUCH01
_h1920
590 _aCONVERSION
_b10
_c20130109
_lUCH01
_h1314
650 1 4 _aSuelos y cultivos.
_9110571
650 1 4 _aSuelos
_xColombia.
_9110276
901 _aBK
942 _cLIBRO
949 _a631.4 I52
_bBC
_cMUT
_d-69088
_eMUT
_h38306
_i29956
_si
999 _c24884
_d24884